000 00644nam a22002177a 4500
003 UA-OsUOA
001 76455
007 ta
008 20110705b un ||||| |||| 00| 0 ukr d
100 _aДроздовський Д.
090 _a82
_bД75
942 _cSA
040 _aUA-OsUOA
_bukr
_cUA-OsUOA
_dUA-OsUOA
245 _aКонцепція літературної освіти: теоретичні перспективи і стратегічні загрози
300 _aС.2-6
955 _a0
041 _aukr
080 _a82
773 0 _w76453
650 7 _a82 Література. Літературознавство
_2UDC
999 _c362760
_d362760